[Event "VL2021 MVP"]
[Site "MVP"]
[Date "2020.09.27"]
[Round "1.6"]
[White "Kiel, Bernd"]
[Black "Hoerhold, Martin"]
[Result "1/2-1/2"]
[WhiteElo "1989"]
[BlackElo "1828"]
[PlyCount "127"]
[EventDate "2020.??.??"]
[EventType "team-tourn"]
[EventRounds "9"]
[EventCountry "GER"]
[WhiteTeam "SG Guestrow/Teterow"]
[BlackTeam "SG Neubrandenburg"]
[WhiteTeamCountry "GER"]
[BlackTeamCountry "GER"]

1. e4 e5 2. Nf3 Nc6 3. d4 exd4 4. Nxd4 Bc5 5. Nb3 Bb6 6. Nc3 Qf6 7. Qe2 Nge7 8.
Be3 O-O 9. g3 Nd4 10. Nxd4 Bxd4 11. Bxd4 Qxd4 12. Bg2 Qb6 13. O-O d6 14. b3 Bd7
15. Rfe1 Qd4 16. Nb5 Qc5 17. c4 Bxb5 18. cxb5 a6 19. bxa6 Rxa6 20. e5 d5 21.
Rac1 Qb6 22. Rc2 c6 23. e6 Raa8 24. exf7+ Rxf7 25. Bh3 Kh8 26. Be6 Rf6 27. Kg2
Raf8 28. f4 Nf5 29. Bxf5 Rxf5 30. Qe7 R5f7 31. Qc5 Qxc5 32. Rxc5 Kg8 33. Re2
Ra8 34. Rc1 Kf8 35. Rce1 c5 36. a4 Rc7 37. Rd2 c4 38. Rxd5 cxb3 39. Rb5 Rxa4
40. Rxb3 Ra2+ 41. Kh3 Rcc2 42. Kg4 Rxh2 43. Rxb7 Rhe2 44. Rh1 Rh2 45. Rxh2 Rxh2
46. Kg5 Ra2 47. g4 Ra5+ 48. f5 Ra6 49. Rb8+ Kf7 50. Rb7+ Kf8 51. Rb8+ Kf7 52.
Rh8 h6+ 53. Kh5 Rf6 54. Ra8 Ke7 55. Ra7+ Kf8 56. Rb7 Kg8 57. Re7 Kh7 58. Kh4
Kg8 59. Kg3 Kf8 60. Ra7 h5 61. Kf4 hxg4 62. Kxg4 g6 63. Kg5 Rxf5+ 64. Kxg6
1/2-1/2

[Event "VL2021 MVP"]
[Site "MVP"]
[Date "2020.09.27"]
[Round "1.7"]
[White "Leisner, Ekkehardt"]
[Black "Hornecker, Siegfried"]
[Result "0-1"]
[WhiteElo "1848"]
[BlackElo "2015"]
[PlyCount "94"]
[EventDate "2020.??.??"]
[EventType "team-tourn"]
[EventRounds "9"]
[EventCountry "GER"]
[WhiteTeam "SG Neubrandenburg"]
[BlackTeam "SG Guestrow/Teterow"]
[WhiteTeamCountry "GER"]
[BlackTeamCountry "GER"]

1. c4 Nf6 2. g3 e6 3. Bg2 d5 4. Nf3 Be7 5. O-O O-O 6. b3 Ne4 7. Bb2 Nc6 8. d3
Bf6 9. Qc1 Bxb2 10. Qxb2 Qf6 11. Qxf6 Nxf6 12. Nc3 a6 13. e3 Rd8 14. Rfd1 e5
15. cxd5 Nxd5 16. Nxd5 Rxd5 17. Ng5 Ra5 18. Bxc6 bxc6 19. Rdc1 Bd7 20. Ne4 Rd5
21. Rc3 Rf8 22. Nc5 Bc8 23. b4 h6 24. a3 g5 25. Rac1 Kg7 26. Nb3 Rfd8 27. d4
Bb7 28. Kf1 exd4 29. Nxd4 a5 30. Nxc6 axb4 31. Nxb4 Rd2 32. R3c2 g4 33. Rxd2
Rxd2 34. Ke1 Rd7 35. Nc6 Kf6 36. Nd4 Ke5 37. Rc5+ Bd5 38. Ke2 Kd6 39. Rc3 c5
40. Nf5+ Ke6 41. Nh4 c4 42. f4 Be4 43. Rc1 Kd5 44. Rd1+ Bd3+ 45. Kd2 Rb7 46.
Ra1 Rb2+ 47. Kc1 Rf2 0-1

[Event "VL2021 MVP"]
[Site "MVP"]
[Date "2020.10.18"]
[Round "2.1"]
[White "Stoevesand, Peter"]
[Black "Reichmann, Hendrik"]
[Result "0-1"]
[WhiteElo "1754"]
[BlackElo "2348"]
[PlyCount "84"]
[EventDate "2020.??.??"]
[EventType "team-tourn"]
[EventRounds "9"]
[EventCountry "GER"]
[WhiteTeam "SG Neubrandenburg"]
[BlackTeam "SF Schwerin II"]
[WhiteTeamCountry "GER"]
[BlackTeamCountry "GER"]

1. e4 g6 2. d4 Bg7 3. Nf3 d6 4. Nc3 a6 5. Be3 Nd7 6. Bc4 e6 7. Qd2 h6 8. O-O-O
b5 9. Bd3 Bb7 10. d5 e5 11. h4 Ngf6 12. Nh2 Nc5 13. f3 Nfd7 14. Ng4 h5 15. Nf2
b4 16. Ne2 Nxd3+ 17. Nxd3 a5 18. c4 bxc3 19. Qxc3 Nb6 20. Kb1 O-O 21. Rc1 Nxd5
22. exd5 e4 23. Qxc7 exd3 24. Qxd8 Rfxd8 25. Nf4 Rab8 26. Ba7 Ba6 27. Bxb8 Rxb8
28. b3 Be5 29. g3 a4 30. Rcd1 axb3 31. a3 Ra8 32. Rhe1 Bf6 33. Re4 Bb5 34. a4
Bxa4 35. Nxd3 Bd7 36. Nb2 Ra2 37. Rd2 Bf5 38. Rf2 Bc3 39. Rfe2 Kg7 40. Rf2 Kf6
41. g4 hxg4 42. fxg4 Rxb2+ 0-1

[Event "VL2021 MVP"]
[Site "MVP"]
[Date "2020.10.18"]
[Round "2.2"]
[White "Hornych, Christoph"]
[Black "Schulz, Daniel"]
[Result "1-0"]
[WhiteElo "2171"]
[BlackElo "1817"]
[PlyCount "77"]
[EventDate "2020.??.??"]
[EventType "team-tourn"]
[EventRounds "9"]
[EventCountry "GER"]
[WhiteTeam "SF Schwerin II"]
[BlackTeam "SG Neubrandenburg"]
[WhiteTeamCountry "GER"]
[BlackTeamCountry "GER"]

{[%evp 0,77,27,15,15,8,5,-13,14,26,20,-8,34,25,30,24,42,42,49,55,59,46,41,42,
33,50,40,40,31,49,61,-13,44,66,54,18,31,25,29,16,7,19,10,-12,123,103,116,115,
155,144,165,113,115,99,92,56,209,209,209,213,249,249,249,249,239,206,330,337,
758,810,810,815,1012,815,813,852,1058,561,29989,1340]} 1. e4 e5 2. Bc4 Nf6 3.
d3 Be7 4. Nc3 Nc6 5. f4 d6 6. Nf3 exf4 7. Bxf4 Na5 8. Bb3 Nxb3 9. axb3 c6 10.
O-O O-O 11. d4 b5 12. Qd3 b4 13. Ne2 a5 14. c4 d5 15. e5 Ne8 16. Be3 Nc7 17. h3
Ne6 18. Ng3 c5 19. Nf5 dxc4 20. bxc4 cxd4 21. Qe4 Ba6 22. N3xd4 Nxd4 23. Qxd4
Bg5 24. Bxg5 Qxg5 25. h4 Qd8 26. Qg4 g6 27. Rad1 Qc7 28. Qg5 f6 29. exf6 Bxc4
30. Rf2 Kh8 31. Ne7 Rf7 32. Rc1 b3 33. Qh6 Re8 34. Nxg6+ Kg8 35. Ne7+ Kh8 36.
Ng6+ Kg8 37. Ne7+ Kh8 38. Qh5 Qb6 39. Rxc4 1-0

[Event "VL2021 MVP"]
[Site "MVP"]
[Date "2020.10.18"]
[Round "2.4"]
[White "Kross, Gunnar"]
[Black "Kunow, Frank"]
[Result "0-1"]
[WhiteElo "2049"]
[BlackElo "1885"]
[PlyCount "118"]
[EventDate "2020.??.??"]
[EventType "team-tourn"]
[EventRounds "9"]
[EventCountry "GER"]
[WhiteTeam "SF Schwerin II"]
[BlackTeam "SG Neubrandenburg"]
[WhiteTeamCountry "GER"]
[BlackTeamCountry "GER"]

1. d4 Nf6 2. c4 e6 3. Nc3 Bb4 4. Nf3 d5 5. e3 O-O 6. a3 Bxc3+ 7. bxc3 dxc4 8.
Bxc4 c5 9. O-O Qc7 10. Ba2 Nbd7 11. Re1 Ne4 12. Qd3 Ndf6 13. Ne5 cxd4 14. cxd4
Qc3 15. Qe2 Qxa1 16. Bc4 Qc3 17. f3 Nd6 18. Bb2 Qa5 19. Ba2 Bd7 20. Bb1 Bb5 21.
Qf2 Rfc8 22. g4 h6 23. h4 Nh7 24. Kh2 Nc4 25. Nxc4 Bxc4 26. g5 hxg5 27. Rg1 f6
28. h5 Bb3 29. Rg2 Rc7 30. h6 gxh6 31. Qh4 Rc2 32. Bxc2 Bxc2 33. Qxh6 Qc7+ 34.
Kg1 Bb3 35. Qg6+ Qg7 36. Qd3 Ba4 37. Qc4 Qd7 38. e4 Rc8 39. Qd3 Qb5 40. Qe3 Qb3
41. Qxb3 Bxb3 42. f4 Rc2 43. fxg5 Rxg2+ 44. Kxg2 Nxg5 45. d5 Nxe4 46. dxe6 Bxe6
47. Kf3 Bd5 48. Kf4 Kf7 49. Kf5 Bc6 50. Bd4 b6 51. Bb2 Nd6+ 52. Kf4 Ke6 53. Bc1
f5 54. Bb2 Nc4 55. Bc1 Be4 56. Kg3 Kd5 57. Kf2 Kd4 58. Ke2 Kc3 59. a4 Kb4 0-1

[Event "VL2021 MVP"]
[Site "MVP"]
[Date "2020.10.18"]
[Round "2.5"]
[White "Baier, Karsten"]
[Black "Kutschke, Peter"]
[Result "1/2-1/2"]
[WhiteElo "1984"]
[BlackElo "1993"]
[PlyCount "33"]
[EventDate "2020.??.??"]
[EventType "team-tourn"]
[EventRounds "9"]
[EventCountry "GER"]
[WhiteTeam "SG Neubrandenburg"]
[BlackTeam "SF Schwerin II"]
[WhiteTeamCountry "GER"]
[BlackTeamCountry "GER"]

1. d4 d5 2. c4 Bf5 3. Nc3 e6 4. Bf4 Bd6 5. Bxd6 Qxd6 6. e3 Nf6 7. c5 Qe7 8. Nf3
O-O 9. Bd3 Bxd3 10. Qxd3 Nc6 11. O-O e5 12. dxe5 Nxe5 13. Nxe5 Qxe5 14. Qd4
Rfe8 15. Qxe5 Rxe5 16. Rad1 c6 17. Rd4 1/2-1/2

[Event "VL2021 MVP"]
[Site "MVP"]
[Date "2020.10.18"]
[Round "2.6"]
[White "Schmidt, Arne"]
[Black "Hoerhold, Martin"]
[Result "0-1"]
[WhiteElo "1674"]
[BlackElo "1828"]
[PlyCount "116"]
[EventDate "2020.??.??"]
[EventType "team-tourn"]
[EventRounds "9"]
[EventCountry "GER"]
[WhiteTeam "SF Schwerin II"]
[BlackTeam "SG Neubrandenburg"]
[WhiteTeamCountry "GER"]
[BlackTeamCountry "GER"]

1. Nf3 Nf6 2. e3 d5 3. b3 c5 4. Bb2 Nc6 5. d4 Bg4 6. Be2 e6 7. Nbd2 Be7 8. O-O
O-O 9. Ne5 Bxe2 10. Qxe2 cxd4 11. exd4 Rc8 12. c3 Qa5 13. a4 Qc7 14. f4 Bd6 15.
Rf3 Nd7 16. Rh3 Bxe5 17. fxe5 Rfe8 18. Qh5 Nf8 19. Ba3 Ne7 20. Rf1 Neg6 21. Rf6
gxf6 22. exf6 Qf4 23. Bxf8 Kxf8 24. Qxh7 Qxf6 25. Rf3 Qg7 26. Qh3 Ke7 27. Qg3
Rg8 28. Qf2 Nh8 29. c4 Rcd8 30. c5 f5 31. Rh3 Nf7 32. Nf3 Ng5 33. Qh4 Kf8 34.
Rg3 Qh7 35. Qf4 Nxf3+ 36. Rxf3 Qg7 37. Rg3 Qf7 38. Qh6+ Ke7 39. Re3 Qg6 40.
Qh4+ Qg5 41. Qf2 Rg7 42. Kf1 Rdg8 43. g3 f4 44. Rf3 fxg3 45. hxg3 Qc1+ 46. Kg2
Rh7 47. Qg1 Qxg1+ 48. Kxg1 Rf8 49. Re3 Rhf7 50. b4 Rf3 51. Re5 Rxg3+ 52. Kh2
Rg4 53. Rh5 Rxd4 54. b5 Rf2+ 55. Kg3 Ra2 56. Rh7+ Kf6 57. Kf3 Rd3+ 58. Kf4
Rxa4# 0-1

[Event "VL2021 MVP"]
[Site "MVP"]
[Date "2020.10.18"]
[Round "2.8"]
[White "Neubert, Conrad"]
[Black "Marzisch, Jens"]
[Result "1-0"]
[WhiteElo "1649"]
[BlackElo "1584"]
[PlyCount "53"]
[EventDate "2020.??.??"]
[EventType "team-tourn"]
[EventRounds "9"]
[EventCountry "GER"]
[WhiteTeam "SF Schwerin II"]
[BlackTeam "SG Neubrandenburg"]
[WhiteTeamCountry "GER"]
[BlackTeamCountry "GER"]

1. e4 d6 2. d4 Nf6 3. Bd3 g6 4. c4 Bg7 5. Nc3 O-O 6. Bg5 Nc6 7. Nge2 Ng4 8. f3
Nf6 9. Qd2 a6 10. O-O-O Qe8 11. g4 e5 12. d5 Na7 13. h4 h5 14. Bxf6 Bxf6 15.
gxh5 Kh7 16. f4 Bg4 17. hxg6+ fxg6 18. Rdg1 Bh5 19. Ng3 exf4 20. Nxh5 Bxc3 21.
Qxc3 Qe5 22. Rg5 Qxc3+ 23. bxc3 gxh5 24. e5+ Kh8 25. Rxh5+ Kg7 26. Rh7+ Kg8 27.
Rg1# 1-0

[Event "VL2021 MVP"]
[Site "MVP"]
[Date "2020.10.18"]
[Round "2.1"]
[White "Waschk, Armin"]
[Black "Celmer, Ole"]
[Result "1-0"]
[WhiteElo "2166"]
[BlackElo "1940"]
[PlyCount "53"]
[EventDate "2020.??.??"]
[EventType "team-tourn"]
[EventRounds "9"]
[EventCountry "GER"]
[WhiteTeam "SG Guestrow/Teterow"]
[BlackTeam "Think Rochade"]
[WhiteTeamCountry "GER"]
[BlackTeamCountry "GER"]

1. Nf3 d5 2. g3 Nf6 3. Bg2 e6 4. O-O Be7 5. c4 O-O 6. b3 b6 7. Bb2 Bb7 8. Qc2
Nbd7 9. cxd5 exd5 10. d4 Rc8 11. Nc3 c5 12. Rfd1 Ne4 13. dxc5 Bxc5 14. Nd4 Bb4
15. Bxe4 dxe4 16. a3 Be7 17. Nf5 Bf6 18. Nd6 Qc7 19. Nxc8 Rxc8 20. Rac1 e3 21.
f3 Be5 22. Kg2 Nf6 23. Qf5 g6 24. Qg5 Qb8 25. Nd5 Bxb2 26. Rxc8+ Bxc8 27. Nxf6+
1-0

[Event "VL2021 MVP"]
[Site "MVP"]
[Date "2020.10.18"]
[Round "2.2"]
[White "Heinicke, Wenke"]
[Black "Luther, Alexander"]
[Result "1/2-1/2"]
[WhiteElo "1957"]
[BlackElo "2052"]
[PlyCount "88"]
[EventDate "2020.??.??"]
[EventType "team-tourn"]
[EventRounds "9"]
[EventCountry "GER"]
[WhiteTeam "Think Rochade"]
[BlackTeam "SG Guestrow/Teterow"]
[WhiteTeamCountry "GER"]
[BlackTeamCountry "GER"]

1. d4 Nf6 2. c4 e6 3. Nc3 d5 4. cxd5 exd5 5. Bg5 Be7 6. e3 c6 7. Qc2 O-O 8. Bd3
Nbd7 9. Nf3 Re8 10. Bf4 Nf8 11. h3 c5 12. O-O c4 13. Be2 Ng6 14. Bh2 Bd6 15.
Bxd6 Qxd6 16. b3 cxb3 17. axb3 Bd7 18. b4 Rec8 19. Qb3 Be6 20. Rfc1 Ne4 21. Na4
b6 22. Ba6 Rc7 23. Nc3 Bc8 24. Nb5 Rxc1+ 25. Rxc1 Qd8 26. Bxc8 Rxc8 27. Rxc8
Qxc8 28. Qxd5 Nf6 29. Qa2 a6 30. Na3 Qc1+ 31. Kh2 Ne4 32. Ne5 Nxe5 33. dxe5
Nxf2 34. Qxf2 Qxa3 35. Qd2 h6 36. Qd8+ Kh7 37. Qxb6 Qc3 38. Qd4 Qc7 39. Qd6 Qc3
40. Qc5 Qe1 41. Qd4 Qb1 42. Qf4 Kg8 43. Qg4 Qd3 44. Qd4 Qb1 1/2-1/2

[Event "VL2021 MVP"]
[Site "MVP"]
[Date "2020.10.18"]
[Round "2.3"]
[White "Dettmann, Gerd"]
[Black "Gazizov, Max"]
[Result "1-0"]
[WhiteElo "2102"]
[BlackElo "1689"]
[PlyCount "101"]
[EventDate "2020.??.??"]
[EventType "team-tourn"]
[EventRounds "9"]
[EventCountry "GER"]
[WhiteTeam "SG Guestrow/Teterow"]
[BlackTeam "Think Rochade"]
[WhiteTeamCountry "GER"]
[BlackTeamCountry "GER"]

1. e4 c5 2. Nf3 e6 3. Be2 Nc6 4. O-O Qc7 5. d4 cxd4 6. Nxd4 Nf6 7. Nc3 a6 8.
Bg5 Be7 9. Nf3 b5 10. a3 Bb7 11. Bh4 d6 12. Bg3 Nh5 13. Bd3 Nxg3 14. hxg3 O-O
15. Ne2 Bf6 16. c3 Na5 17. Ned4 d5 18. Re1 e5 19. Nb3 Nc4 20. Qc2 g6 21. g4 Bg7
22. g5 f5 23. gxf6 Rxf6 24. Nbd2 Nxd2 25. Qxd2 Raf8 26. exd5 Bxd5 27. Be4 Bxe4
28. Rxe4 Rf4 29. Rae1 Rxe4 30. Rxe4 Rd8 31. Qe2 Rd5 32. g3 Qd6 33. Kg2 Bf6 34.
a4 Kf7 35. Rb4 g5 36. Qe4 Kg7 37. axb5 axb5 38. Qg4 Kh6 39. Re4 Qe7 40. Re1 Kg7
41. Nh4 Qd7 42. Nf5+ Kg6 43. Rh1 Bg7 44. Qe4 Qxf5 45. Qxd5 g4 46. Re1 Kg5 47.
Qe4 Qe6 48. Qxh7 Bf8 49. Qh4+ Kf5 50. Qh5+ Kf6 51. Re4 1-0

[Event "VL2021 MVP"]
[Site "MVP"]
[Date "2020.10.18"]
[Round "2.4"]
[White "Morosova, Svetlana"]
[Black "Seiler, Dirk"]
[Result "0-1"]
[WhiteElo "1675"]
[BlackElo "2122"]
[PlyCount "84"]
[EventDate "2020.??.??"]
[EventType "team-tourn"]
[EventRounds "9"]
[EventCountry "GER"]
[WhiteTeam "Think Rochade"]
[BlackTeam "SG Guestrow/Teterow"]
[WhiteTeamCountry "GER"]
[BlackTeamCountry "GER"]

1. d4 Nf6 2. Bf4 g6 3. Nc3 d5 4. Qd2 c6 5. h4 Nbd7 6. Nh3 h5 7. O-O-O b5 8. Ng5
Nb6 9. e4 Bg7 10. e5 Nh7 11. Bd3 Nxg5 12. Bxg5 Be6 13. f3 Qd7 14. Qe2 a6 15.
Rdf1 Bf5 16. Bxf5 Qxf5 17. g4 Qe6 18. Qf2 O-O-O 19. b3 f6 20. exf6 exf6 21. Bd2
Qd6 22. Nb1 Rde8 23. Re1 f5 24. gxf5 gxf5 25. Bg5 Kd7 26. Rxe8 Rxe8 27. Re1
Rxe1+ 28. Qxe1 Bxd4 29. c3 Qe5 30. Qd2 Bc5 31. Bf4 Qe7 32. Bg5 Qe5 33. Bf4 Qe6
34. Kc2 Nc8 35. Bg5 Nd6 36. Bf4 Nf7 37. b4 Bd6 38. Be3 Ne5 39. Qf2 f4 40. Bc5
Qg6+ 41. Kd2 Qxb1 42. Bxd6 Qxa2+ 0-1

[Event "VL2021 MVP"]
[Site "MVP"]
[Date "2020.10.18"]
[Round "2.5"]
[White "Dettmann, Holger"]
[Black "Jaensch, Robert"]
[Result "1/2-1/2"]
[WhiteElo "2019"]
[BlackElo "1756"]
[PlyCount "43"]
[EventDate "2020.??.??"]
[EventType "team-tourn"]
[EventRounds "9"]
[EventCountry "GER"]
[WhiteTeam "SG Guestrow/Teterow"]
[BlackTeam "Think Rochade"]
[WhiteTeamCountry "GER"]
[BlackTeamCountry "GER"]

1. d4 g6 2. Nc3 Bg7 3. Bf4 c5 4. e3 cxd4 5. exd4 Qb6 6. Nf3 Nc6 7. Na4 Qa5+ 8.
c3 b5 9. Nc5 b4 10. Qd2 d6 11. Ne4 f5 12. cxb4 Qxb4 13. Nc3 Nxd4 14. Nxd4 Bxd4
15. Bb5+ Bd7 16. Bxd7+ Kxd7 17. O-O Nf6 18. a3 Bxc3 19. bxc3 Qc4 20. Rab1 Rab8
21. Rb4 Qd5 22. Qb2 1/2-1/2

[Event "VL2021 MVP"]
[Site "MVP"]
[Date "2020.10.18"]
[Round "2.6"]
[White "Ostrzinski, Jan"]
[Black "Kiel, Bernd"]
[Result "0-1"]
[WhiteElo "1532"]
[BlackElo "1989"]
[PlyCount "120"]
[EventDate "2020.??.??"]
[EventType "team-tourn"]
[EventRounds "9"]
[EventCountry "GER"]
[WhiteTeam "Think Rochade"]
[BlackTeam "SG Guestrow/Teterow"]
[WhiteTeamCountry "GER"]
[BlackTeamCountry "GER"]

1. e4 d5 2. exd5 Nf6 3. Nf3 Bg4 4. h3 Bh5 5. Bb5+ Nbd7 6. O-O Nxd5 7. Nc3 Nxc3
8. dxc3 c6 9. Be2 e6 10. Ne5 Bxe2 11. Qxe2 Bd6 12. Nxd7 Qxd7 13. Rd1 Qc7 14.
Be3 O-O 15. Rd3 Rad8 16. Rad1 b6 17. Bg5 Be7 18. Bxe7 Qxe7 19. Qd2 Rxd3 20.
Qxd3 Qc5 21. Qa6 Qe7 22. Qd3 Qg5 23. Qd7 Qf5 24. Qd3 Qa5 25. a3 Qd5 26. c4 Qe5
27. Qd4 Qe2 28. Qd3 Qe5 29. Qd4 Qh5 30. Rd2 g6 31. Qd7 Qe5 32. Qd4 Qe1+ 33. Kh2
Rc8 34. Rd1 Qe2 35. Rd2 Qh5 36. Qd7 Qe5+ 37. g3 Rc7 38. Qd6 Qxd6 39. Rxd6 c5
40. f4 Kf8 41. Kg2 Ke7 42. Rd3 Rd7 43. Kf3 Rxd3+ 44. cxd3 Kd6 45. Ke4 f5+ 46.
Ke3 e5 47. b3 Ke6 48. g4 fxg4 49. hxg4 h5 50. f5+ gxf5 51. gxh5 Kf6 52. d4
exd4+ 53. Kf4 d3 54. Ke3 Kg5 55. Kxd3 Kxh5 56. b4 Kg4 57. bxc5 bxc5 58. a4 a5
59. Ke3 Kg3 60. Kd3 Kf3 0-1

[Event "VL2021 MVP"]
[Site "MVP"]
[Date "2020.10.18"]
[Round "2.8"]
[White "Witek, Jarne"]
[Black "Scharf, Christian"]
[Result "0-1"]
[WhiteElo "1399"]
[BlackElo "1050"]
[PlyCount "100"]
[EventDate "2020.??.??"]
[EventType "team-tourn"]
[EventRounds "9"]
[EventCountry "GER"]
[WhiteTeam "Think Rochade"]
[BlackTeam "SG Guestrow/Teterow"]
[WhiteTeamCountry "GER"]
[BlackTeamCountry "GER"]

1. Nf3 Nf6 2. d4 d5 3. e3 c5 4. b3 cxd4 5. exd4 Nc6 6. Bb2 Bg4 7. Be2 e6 8.
Nbd2 Be7 9. O-O O-O 10. Ne5 Nxe5 11. dxe5 Bxe2 12. Qxe2 Nd7 13. f4 Rc8 14. c4
dxc4 15. Nxc4 b5 16. Ne3 Qb6 17. Kh1 Bc5 18. Rad1 Rfd8 19. Nc2 Nb8 20. Rxd8+
Rxd8 21. Rd1 a6 22. b4 Bf8 23. Bd4 Qc7 24. Bc5 Rxd1+ 25. Qxd1 Bxc5 26. bxc5
Qxc5 27. Qd8+ Qf8 28. Qc7 g6 29. Nd4 Qe8 30. Kg1 Kg7 31. Nb3 Nc6 32. Qd6 Qc8
33. Kf1 a5 34. a3 b4 35. axb4 axb4 36. Qc5 Qa6+ 37. Ke1 Qa3 38. Qc4 Qa2 39. g3
Na5 40. Nxa5 Qxa5 41. Kd1 Qd5+ 42. Qxd5 exd5 43. g4 f6 44. exf6+ Kxf6 45. Kd2
d4 46. h3 Ke6 47. h4 Kd5 48. Kd3 b3 49. h5 gxh5 50. g5 Ke6 0-1

[Event "VL2021 MVP"]
[Site "MVP"]
[Date "2020.10.18"]
[Round "2.1"]
[White "Lange, Jannis"]
[Black "Hamann, Dirk"]
[Result "1-0"]
[WhiteElo "2126"]
[BlackElo "1987"]
[PlyCount "69"]
[EventDate "2020.??.??"]
[EventType "team-tourn"]
[EventRounds "9"]
[EventCountry "GER"]
[WhiteTeam "Greifswalder SV II"]
[BlackTeam "Turbine Rostock"]
[WhiteTeamCountry "GER"]
[BlackTeamCountry "GER"]

1. e4 Nf6 2. e5 Nd5 3. d4 d6 4. Nf3 g6 5. Be2 Bg7 6. O-O O-O 7. c4 Nb6 8. Nc3
Nc6 9. exd6 exd6 10. Bg5 f6 11. Be3 Kh8 12. Qd2 Bg4 13. b3 d5 14. c5 Nc8 15. b4
N8e7 16. b5 Nb8 17. h3 Bxf3 18. Bxf3 c6 19. Rfe1 Nd7 20. Bf4 g5 21. Bd6 Re8 22.
Bh5 Ng6 23. Rxe8+ Qxe8 24. Re1 Qd8 25. Qc2 Ndf8 26. Bxf8 Nxf8 27. Re8 Qxe8 28.
Bxe8 Rxe8 29. bxc6 bxc6 30. Qa4 Re1+ 31. Kh2 f5 32. Qxc6 Bxd4 33. Nxd5 g4 34.
Qc8 g3+ 35. Kxg3 1-0

[Event "VL2021 MVP"]
[Site "MVP"]
[Date "2020.10.18"]
[Round "2.2"]
[White "Wolke, Heiko"]
[Black "Kuersten, Ruediger"]
[Result "0-1"]
[WhiteElo "2036"]
[BlackElo "2192"]
[PlyCount "82"]
[EventDate "2020.??.??"]
[EventType "team-tourn"]
[EventRounds "9"]
[EventCountry "GER"]
[WhiteTeam "Turbine Rostock"]
[BlackTeam "Greifswalder SV II"]
[WhiteTeamCountry "GER"]
[BlackTeamCountry "GER"]

1. e4 c6 2. d4 d5 3. exd5 cxd5 4. Bd3 Nc6 5. c3 Qc7 6. Nf3 Bg4 7. O-O e6 8. Bg5
Bd6 9. h3 Bh5 10. Nbd2 h6 11. Be3 f5 12. Nb3 Nf6 13. Nc5 Bxc5 14. dxc5 f4 15.
Bd2 e5 16. Be2 O-O 17. Nh4 Bf7 18. Nf5 Ne4 19. b4 Be6 20. Nh4 g5 21. Nf3 Nf6
22. Nh2 e4 23. Bg4 Bf7 24. Qc2 Ne5 25. Be2 Qd7 26. f3 e3 27. Be1 Bg6 28. Qb3 h5
29. Rd1 Rad8 30. Rd4 Kg7 31. c4 Nc6 32. Rxd5 Nxd5 33. cxd5 Qxd5 34. Bc4 Qf5 35.
Bc3+ Kh6 36. Rc1 Nd4 37. Qb2 Qd7 38. b5 Nf5 39. a4 Rfe8 40. Bf6 Qd2 41. Qxd2
exd2 0-1

[Event "VL2021 MVP"]
[Site "MVP"]
[Date "2020.10.18"]
[Round "2.6"]
[White "Patrias, Joachim"]
[Black "Sichler, Jakob"]
[Result "0-1"]
[WhiteElo "1628"]
[BlackElo "1821"]
[Annotator "Dirk"]
[PlyCount "84"]
[EventDate "2020.??.??"]
[EventType "team-tourn"]
[EventRounds "9"]
[EventCountry "GER"]
[WhiteTeam "Turbine Rostock"]
[BlackTeam "Greifswalder SV II"]
[WhiteTeamCountry "GER"]
[BlackTeamCountry "GER"]

1. e4 e5 2. Nf3 Nf6 3. Nxe5 d6 4. Nc4 Nxe4 5. d3 Nf6 6. Be2 d5 7. Ncd2 Bd6 8.
O-O O-O 9. Re1 c5 10. Nf1 Bf5 11. Bg5 Nbd7 12. Bf3 Qb6 13. Bc1 Be5 14. Nc3 Be6
15. a3 Rfe8 16. Na4 Qa5 17. c3 d4 18. b4 Qc7 19. c4 Rab8 20. Bd2 Bf5 21. Nb2 b6
$4 22. g4 Bxg4 23. Bxg4 Nxg4 24. Qxg4 Re6 25. Ng3 Rg6 26. Qh4 f5 27. Kf1 Rf8
28. Ke2 $2 f4 29. Nf1 Rf5 30. Qh3 f3+ 31. Kd1 Rf8 32. Kc2 Rg2 33. Nd1 b5 34.
Rb1 Bxh2 $2 35. Nxh2 $2 {Hier spielte der Maskenzwang eine immer
entscheidendere Rolle, der für den Weißspieler nach über 3,5 Stunden ein
Zusätzliches Erschwernis darstellte} (35. Re7 $1 Rd8 36. Qxf3) 35... Rxh2 36.
Qe6+ Kh8 37. Qe7 bxc4 38. dxc4 Qc6 39. b5 Qg6+ 40. Re4 Rg8 41. Kb3 $4 Nf6 $19
42. Re5 Qxb1+ 0-1

[Event "VL2021 MVP"]
[Site "MVP"]
[Date "2020.10.18"]
[Round "2.1"]
[White "Boehme, Andy"]
[Black "Stutz, Reno"]
[Result "1/2-1/2"]
[WhiteElo "2069"]
[BlackElo "2039"]
[PlyCount "21"]
[EventDate "2020.??.??"]
[EventType "team-tourn"]
[EventRounds "9"]
[EventCountry "GER"]
[WhiteTeam "BW Grevesmuehlen"]
[BlackTeam "ASV GW Wismar"]
[WhiteTeamCountry "GER"]
[BlackTeamCountry "GER"]

1. Nf3 d5 2. e3 Nf6 3. c4 e6 4. b3 Be7 5. Bb2 O-O 6. g3 c5 7. Bg2 Nc6 8. O-O b6
9. d3 Bb7 10. Qe2 Qc7 11. Ne1 1/2-1/2

[Event "VL2021 MVP"]
[Site "MVP"]
[Date "2020.10.18"]
[Round "2.6"]
[White "Bahr, Enrico"]
[Black "Piske, Thomas"]
[Result "1/2-1/2"]
[WhiteElo "2003"]
[BlackElo "1944"]
[PlyCount "23"]
[EventDate "2020.??.??"]
[EventType "team-tourn"]
[EventRounds "9"]
[EventCountry "GER"]
[WhiteTeam "ASV GW Wismar"]
[BlackTeam "BW Grevesmuehlen"]
[WhiteTeamCountry "GER"]
[BlackTeamCountry "GER"]

1. d4 Nf6 2. Nf3 g6 3. Bg5 Bg7 4. e3 O-O 5. Nbd2 d6 6. Bc4 c6 7. c3 Qa5 8. h3
Nbd7 9. O-O Re8 10. e4 e5 11. Nb3 Qc7 12. Rc1 1/2-1/2

[Event "VL2021 MVP"]
[Site "MVP"]
[Date "2020.10.18"]
[Round "2.1"]
[White "Lehmann, Ruben"]
[Black "Schmekel, Florian"]
[Result "0-1"]
[WhiteElo "1954"]
[BlackElo "2084"]
[PlyCount "70"]
[EventDate "2020.??.??"]
[EventType "team-tourn"]
[EventRounds "9"]
[EventCountry "GER"]
[WhiteTeam "HSG Stralsund"]
[BlackTeam "SAV Torgelow"]
[WhiteTeamCountry "GER"]
[BlackTeamCountry "GER"]

1. d4 Nf6 2. c4 e6 3. Nc3 Bb4 4. e3 c5 5. Bd3 Nc6 6. Nge2 cxd4 7. exd4 d5 8.
O-O O-O 9. Bg5 Be7 10. a3 dxc4 11. Bxc4 a6 12. Qd3 b5 13. Ba2 Ne5 14. Qc2 Ng6
15. Rad1 Bb7 16. Bxf6 Bxf6 17. d5 exd5 18. Nxd5 Bxd5 19. Bxd5 Qc8 20. Qb3 Rb8
21. Rc1 Qf5 22. Rc5 Be5 23. Ng3 Qd7 24. Rd1 Qa7 25. Rdc1 Nf4 26. Be4 Rbe8 27.
Qf3 Ng6 28. Nf5 Bxb2 29. Rc7 Qb6 30. R1c6 Qa5 31. Kf1 Ne5 32. Qg3 Nxc6 33. Nh6+
Kh8 34. Nxf7+ Rxf7 35. Rxf7 Qd2 0-1